Mathematical physics with differential equations / Yisong Yang, Professor, Courant Institute of Mathematical Sciences, New York University. (Record no. 22067)
| 000 -LEADER | |
|---|---|
| fixed length control field | 00671nam a22001817a 4500 |
| 020 ## - INTERNATIONAL STANDARD BOOK NUMBER | |
| ISBN | 9780192872623 |
| 082 ## - DEWEY DECIMAL CLASSIFICATION NUMBER | |
| Classification number | 530.15 |
| Item number | Y785 2023 |
| 100 ## - MAIN ENTRY--AUTHOR NAME | |
| Personal name | Yang, Yisong, author. |
| 245 ## - TITLE STATEMENT | |
| Title | Mathematical physics with differential equations / Yisong Yang, Professor, Courant Institute of Mathematical Sciences, New York University. |
| 260 ## - PUBLICATION, DISTRIBUTION, ETC. (IMPRINT) | |
| Place of publication | Oxford : |
| Name of publisher | Oxford University Press, |
| Year of publication | ©2023. |
| 300 ## - PHYSICAL DESCRIPTION | |
| Number of Pages | xxi, 564 pages ; |
| Other physical details | 24 cm. |
| 500 ## - GENERAL NOTE | |
| General note | Includes bibliographical references and index. |
| 650 ## - SUBJECT ADDED ENTRY--TOPICAL TERM | |
| Topical Term | Mathematical physics. |
| 650 ## - SUBJECT ADDED ENTRY--TOPICAL TERM | |
| Topical Term | Differential equations. |
| 650 ## - SUBJECT ADDED ENTRY--TOPICAL TERM | |
| Topical Term | Partial differential equations. |
| 650 ## - SUBJECT ADDED ENTRY--TOPICAL TERM | |
| Topical Term | Physics -- Mathematical methods. |
| 942 ## - ADDED ENTRY ELEMENTS (KOHA) | |
| Koha item type | Books |
| Source of acquisition | Permanent Location | Date acquired | Koha item type | Collection code | Accession Number | Lost status | Shelving location | Withdrawn status | Current Location | Full call number |
|---|---|---|---|---|---|---|---|---|---|---|
| School | Cagayan State University - Carig Library | 2026-03-23 | Books | Pure Sciences | 011340 | General Collection | Cagayan State University - Carig Library | 530.15 Y785 2023 |